[Event "29th Czech Rapid G1 2018"]
[Site "Pardubice CZE"]
[Date "2018.07.19"]
[Round "7.61"]
[White "Holy, Filip"]
[Black "Trost, Edvin"]
[Result "1-0"]
[WhiteElo "2057"]
[BlackElo "1925"]
[WhiteFideId "358762"]
[BlackFideId "1729519"]
[EventDate "2018.07.18"]

1. e4 c5 2. Nf3 e6 3. d4 cxd4 4. Nxd4 a6 5. Bd3 Bc5 6. Nb3 Ba7 7. O-O d6 8. Nc3
Nf6 9. Qe2 Nc6 10. Bd2 O-O 11. Kh1 b5 12. Rae1 Bb7 13. f4 e5 14. fxe5 Nxe5 15.
Bg5 Ned7 16. Qf3 h6 17. Bh4 Qc7 18. Qg3 Kh8 19. Qh3 Ng8 20. Nd5 Bxd5 21. exd5
Ne5 22. Qf5 Nxd3 23. Qxd3 Rac8 24. c3 Rfe8 25. Nd4 Bxd4 26. Qxd4 Qd7 27. b3 f6
28. Bg3 Ne7 29. Re6 Qb7 30. Rfe1 Kh7 31. Bxd6 Nf5 32. Qd3 Rxe6 33. Qxf5+ 1-0

[Event "29th Czech Rapid G1 2018"]
[Site "Pardubice CZE"]
[Date "2018.07.19"]
[Round "7.63"]
[White "Rakshitta, Ravi"]
[Black "Balazec, Ludovit"]
[Result "1-0"]
[WhiteElo "2026"]
[BlackElo "1991"]
[WhiteFideId "25073230"]
[BlackFideId "318078"]
[EventDate "2018.07.18"]

1. e4 c5 2. Nc3 a6 3. Nf3 b5 4. g3 Bb7 5. Bg2 d6 6. O-O e5 7. d3 Nf6 8. h3 Be7
9. Be3 O-O 10. Nh4 b4 11. Ne2 Bc8 12. c3 a5 13. d4 Bb7 14. Qc2 Qc7 15. dxe5 dxe5
16. Nf5 Re8 17. cxb4 Bf8 18. bxc5 Na6 19. Rac1 Nb4 20. Qa4 Ba6 21. Nc3 Bxf1 22.
Bxf1 Red8 23. Qb5 Rab8 24. Qc4 Nc6 25. Nb5 Qd7 26. Nbd6 Rxb2 27. Bg5 Rb4 28. Qc2
h6 29. Bxf6 gxf6 30. Bc4 Bxd6 31. Nxd6 Nd4 32. Qd1 Qxh3 33. a3 Ra4 34. Bd5 1-0

[Event "29th Czech Rapid G1 2018"]
[Site "Pardubice CZE"]
[Date "2018.07.19"]
[Round "7.64"]
[White "Vestfal, Jan"]
[Black "Kutynec, Vladimir"]
[Result "0-1"]
[BlackTitle "IM"]
[WhiteElo "1407"]
[BlackElo "2273"]
[WhiteFideId "23717866"]
[BlackFideId "4119843"]
[EventDate "2018.07.18"]

1. e4 c5 2. Nf3 Nc6 3. d4 cxd4 4. Nxd4 g6 5. Be3 Bg7 6. Nc3 Nf6 7. f3 O-O 8. Qd2
d5 9. Nxc6 bxc6 10. exd5 Nxd5 11. Nxd5 cxd5 12. O-O-O Qc7 13. Qxd5 Rb8 14. b3
Bf5 15. Qc4 Qe5 16. Bd4 Qf4+ 17. Kb1 Rbc8 18. g3 Rxc4 19. gxf4 Bxc2+ 20. Kb2
Bxd1 21. Bxg7 Rc2+ 22. Kb1 Kxg7 0-1

[Event "29th Czech Rapid G1 2018"]
[Site "Pardubice CZE"]
[Date "2018.07.19"]
[Round "7.65"]
[White "Ret, Adam Josef"]
[Black "Mitra, Roman C"]
[Result "0-1"]
[WhiteElo "1824"]
[BlackElo "2104"]
[WhiteFideId "384240"]
[BlackFideId "419540"]
[EventDate "2018.07.18"]

1. d4 g6 2. c4 c6 3. Nc3 d6 4. Nf3 Bg7 5. e4 Bg4 6. Be2 Qc7 7. h3 Bxf3 8. Bxf3
Nd7 9. g3 e5 10. d5 c5 11. Bg2 Ne7 12. Be3 O-O 13. O-O f5 14. f4 exf4 15. Bxf4
Ne5 16. Qe2 Rae8 17. Rac1 a6 18. b3 Qd7 19. Kh2 h6 20. exf5 Nxf5 21. Qc2 Nd4 22.
Qb1 g5 23. Bxe5 Bxe5 24. Qg6+ Qg7 25. Qxg7+ Kxg7 26. Ne4 b5 27. Rxf8 Rxf8 28.
Rf1 Rb8 29. Re1 bxc4 30. bxc4 Rb2 31. Kg1 Ne2+ 32. Kf1 Bxg3 33. Nxg3 Nxg3+ 34.
Kg1 Ne2+ 35. Kf1 Nf4 36. Bf3 Rxa2 37. Re7+ Kf6 38. Rd7 Ke5 39. Re7+ Kd4 40. Rd7
Ke3 41. Bd1 Ra1 42. Re7+ Kd2 0-1

[Event "29th Czech Rapid G1 2018"]
[Site "Pardubice CZE"]
[Date "2018.07.19"]
[Round "7.66"]
[White "Straka, Vojtech"]
[Black "Hajek, Jiri3"]
[Result "1-0"]
[WhiteElo "1977"]
[BlackElo "2081"]
[WhiteFideId "377759"]
[BlackFideId "317888"]
[EventDate "2018.07.18"]

1. d4 Nf6 2. c4 g6 3. Nc3 Bg7 4. Nf3 O-O 5. e4 d6 6. Be2 Bg4 7. h3 Bxf3 8. Bxf3
Nc6 9. Be3 e5 10. d5 Nd4 11. Bxd4 exd4 12. Ne2 Re8 13. Qc2 Nd7 14. O-O Nc5 15.
Ng3 a5 16. Rab1 h5 17. Rfe1 Qg5 18. Nf1 Re7 19. a3 a4 20. Nd2 Bh6 21. Rbd1 b6
22. b4 Nd7 23. Be2 Ne5 24. Nf3 Nxf3+ 25. Bxf3 Bg7 26. c5 Be5 27. cxb6 cxb6 28.
Qd2 Qxd2 29. Rxd2 Rc7 30. Rd3 Rac8 31. Bd1 Rc3 32. Rxc3 Rxc3 33. Bxa4 Rxa3 34.
Bd1 d3 35. g3 Bc3 36. Rf1 Bxb4 37. f4 Ra2 38. e5 Bc5+ 39. Kh1 Kf8 40. Rf3 d2 41.
Kg2 b5 42. Kf1 b4 43. Ke2 Bd4 44. exd6 Bc3 45. Re3 Ra7 46. Kd3 Rd7 47. g4 hxg4
48. hxg4 Rxd6 49. Kc4 Bf6 50. Rd3 Bc3 51. Kc5 Rd8 52. Kc6 Bf6 53. Rxd2 g5 54.
fxg5 Bxg5 55. Rd4 Be7 1-0

[Event "29th Czech Rapid G1 2018"]
[Site "Pardubice CZE"]
[Date "2018.07.19"]
[Round "7.67"]
[White "Chubar, Vladimir"]
[Black "Alekseev, Mikhail"]
[Result "1-0"]
[WhiteTitle "IM"]
[WhiteElo "2016"]
[BlackElo "1832"]
[WhiteFideId "14101491"]
[BlackFideId "34171069"]
[EventDate "2018.07.18"]

1. d4 Nf6 2. Nf3 g6 3. Bg5 Bg7 4. Nbd2 d5 5. e3 O-O 6. Bd3 c5 7. c3 b6 8. O-O
Bb7 9. Ne5 Ne4 10. Nxe4 dxe4 11. Bc4 Bxe5 12. dxe5 Qxd1 13. Raxd1 Nc6 14. e6 f6
15. Bf4 Rfd8 16. Rd7 Na5 17. Be2 Rxd7 18. exd7 e5 19. Rd1 Rd8 20. Bh6 Bc6 21. b4
Nb7 22. Bc4+ Kh8 23. Ba6 Kg8 24. b5 Rxd7 25. Rxd7 Bxd7 26. Bxb7 Bxb5 27. Bd5+
Kh8 28. c4 Bd7 29. Bxe4 Be6 30. Bd5 Bxd5 31. cxd5 Kg8 32. Kf1 g5 33. h4 1-0

[Event "29th Czech Rapid G1 2018"]
[Site "Pardubice CZE"]
[Date "2018.07.19"]
[Round "7.68"]
[White "Pavlicek, Lukas"]
[Black "Zdechovsky, Tobias"]
[Result "1-0"]
[WhiteElo "1819"]
[BlackElo "1675"]
[WhiteFideId "373001"]
[BlackFideId "23702036"]
[EventDate "2018.07.18"]

1. c4 g6 2. Nc3 Bg7 3. g3 c5 4. Bg2 e6 5. e3 Nc6 6. Nge2 Nge7 7. O-O d5 8. cxd5
exd5 9. d4 cxd4 10. Nxd4 O-O 11. Nce2 Bg4 12. Nxc6 bxc6 13. h3 Be6 14. Nd4 Rb8
15. Qc2 Qd6 16. Nb3 Rfc8 17. Bd2 Bf5 18. e4 dxe4 19. Bxe4 Bxh3 20. Bf4 Qb4 21.
Rfd1 Rb5 22. Bd6 Qa4 23. Bxe7 Re5 24. Rd4 Qb5 25. Rd8+ Rxd8 26. Bxd8 Be6 27.
Qxc6 Qxc6 28. Bxc6 Re2 29. Rd1 Rxb2 30. Bd5 Bxd5 31. Rxd5 Rxa2 32. Ra5 Rxa5 33.
Nxa5 Bd4 34. Nc6 Bc5 35. Kg2 Kf8 36. Bf6 Ke8 37. Bd4 Bxd4 38. Nxd4 Kd7 39. Kf3
a5 40. Ke4 Kd6 41. Nf3 f6 42. Kd4 Kc6 43. Kc4 a4 44. Kb4 a3 45. Kxa3 Kd5 46. Kb3
Ke4 47. Ng1 Kd3 48. Kb4 g5 49. Kc5 Ke4 50. Kd6 h5 51. Ke6 h4 52. Kxf6 h3 53.
Nxh3 Kf3 54. Kxg5 1-0

[Event "29th Czech Rapid G1 2018"]
[Site "Pardubice CZE"]
[Date "2018.07.19"]
[Round "7.69"]
[White "Khmelev, Mikhail"]
[Black "Haase, Pavel"]
[Result "1-0"]
[BlackTitle "CM"]
[WhiteElo "1972"]
[BlackElo "1994"]
[WhiteFideId "24175641"]
[BlackFideId "360392"]
[EventDate "2018.07.18"]

1. e4 c5 2. Nf3 d6 3. d4 cxd4 4. Qxd4 Nc6 5. Bb5 Bd7 6. Qd3 Nf6 7. c4 e6 8. O-O
Be7 9. Nc3 O-O 10. Bxc6 Bxc6 11. Nd4 Rc8 12. b3 Nd7 13. Bb2 Nc5 14. Qe2 Bf6 15.
Rad1 a6 16. Kh1 Qc7 17. f4 Rcd8 18. Nxc6 Qxc6 19. Rfe1 Rfe8 20. Qf3 b5 21. cxb5
axb5 22. Qe2 b4 23. Na4 Nxa4 24. Bxf6 gxf6 25. bxa4 Qxa4 26. Qg4+ Kf8 27. Qh4
Qxa2 28. Qxf6 Qf2 29. h3 Qg3 30. Qh6+ Qg7 31. Qh4 b3 32. Re3 b2 33. Rg3 Qh8 34.
f5 Rc8 35. f6 Red8 36. Qh6+ Ke8 37. Rg7 Qf8 38. Qd2 Rb8 39. Rb1 d5 40. Rxb2 dxe4
41. Rxb8 Rxb8 42. Qc2 e3 43. Qa4+ Kd8 44. Qd4+ Ke8 45. Qa4+ Kd8 46. Qa5+ Ke8 47.
Qa4+ Kd8 48. Qa5+ Ke8 49. Qc7 Rb1+ 50. Kh2 Rd1 51. Qc6+ Rd7 52. Qa8+ Rd8 53.
Qa4+ Rd7 54. h4 h5 55. Qb5 Qd6+ 56. Kh3 Qf8 57. Qxh5 Rd5 58. Qg4 Kd7 59. Qa4+
Kd6 60. Qa3+ Rc5 61. Qxe3 Qe8 62. Qd4+ Rd5 63. Qb4+ Ke5 64. Qe7 Rd3+ 65. g3 Qc6
66. Rg5+ Kd4 67. Qb4+ Ke3 68. Qf4+ Ke2 69. Re5+ Kd1 70. Qf1+ Kc2 71. Re2+ Kb3
72. Qb1+ Kc4 73. Rc2+ Rc3 74. Rxc3+ 1-0

[Event "29th Czech Rapid G1 2018"]
[Site "Pardubice CZE"]
[Date "2018.07.19"]
[Round "7.70"]
[White "Gschwendtner, Stanislav"]
[Black "Natarov, Ilya"]
[Result "0-1"]
[WhiteElo "2032"]
[BlackElo "2028"]
[WhiteFideId "307297"]
[BlackFideId "24198439"]
[EventDate "2018.07.18"]

1. c4 Nf6 2. Nc3 g6 3. e4 d6 4. g3 Bg7 5. Bg2 O-O 6. d3 Nc6 7. h3 Nd7 8. Nge2 a6
9. O-O Rb8 10. a4 Nb4 11. Be3 Ne5 12. Nc1 c5 13. f4 Nec6 14. N1e2 Nd4 15. Rb1
Bd7 16. Nd5 Nbc2 17. Bf2 Nxe2+ 18. Qxe2 Bxa4 19. Qd1 Bb3 20. Qd2 Nd4 21. Kh2 e6
22. Nc3 b5 23. cxb5 axb5 24. Ne2 Nxe2 25. Qxe2 Qe7 26. Rfc1 Rfc8 27. e5 d5 28.
Ra1 Bf8 29. Ra6 Qb7 30. Rca1 Ra8 31. Rxa8 Rxa8 32. Rxa8 Qxa8 33. f5 gxf5 34. g4
Qa4 35. gxf5 Qf4+ 36. Bg3 Qxf5 37. Bf3 c4 38. d4 Qc2 39. Qxc2 Bxc2 40. Be1 Bh6
41. Bc3 Bc1 42. Kg3 b4 43. Bxb4 Bxb2 44. Bc5 Bd3 0-1

[Event "29th Czech Rapid G1 2018"]
[Site "Pardubice CZE"]
[Date "2018.07.19"]
[Round "7.71"]
[White "Bueble, Joschua"]
[Black "Mlcak, Viktor"]
[Result "0-1"]
[WhiteElo "1722"]
[BlackElo "1939"]
[WhiteFideId "16225554"]
[BlackFideId "320064"]
[EventDate "2018.07.18"]

1. d4 Nf6 2. c4 d6 3. Nc3 e5 4. d5 Be7 5. e4 O-O 6. h3 h6 7. f4 exf4 8. Bxf4 Nh7
9. Nf3 Ng5 10. Qd2 Nxf3+ 11. gxf3 Bh4+ 12. Kd1 Nd7 13. Rg1 Kh7 14. Qg2 Qf6 15.
Be3 Ne5 16. Bd4 g6 17. Be2 Qf4 18. Nb5 Bd8 19. Kc2 a6 20. Nc3 c5 21. dxc6 bxc6
22. Qg3 Qxg3 23. Rxg3 Bh4 24. Rg2 Bg5 25. Rh2 Bf4 26. Rhh1 f5 27. exf5 Bxf5+ 28.
Kb3 Rab8+ 29. Ka3 Rb7 30. Ne4 Bxe4 31. fxe4 Nd7 32. Bd3 Be5 33. Bxe5 Nxe5 34.
Rad1 Rf3 35. b3 Nxd3 36. Rd2 a5 37. Rhd1 Nc5 38. Rxd6 Nxe4 39. Rxc6 a4 40. Rd4
axb3 41. axb3 Rfxb3+ 42. Ka4 Nc3+ 43. Ka5 Ra3# 0-1

[Event "29th Czech Rapid G1 2018"]
[Site "Pardubice CZE"]
[Date "2018.07.19"]
[Round "7.72"]
[White "Trost, Martin"]
[Black "Effenberger, Adam"]
[Result "1-0"]
[WhiteElo "1838"]
[BlackElo "1817"]
[WhiteFideId "1710737"]
[BlackFideId "376370"]
[EventDate "2018.07.18"]

1. e4 c5 2. Nc3 a6 3. f4 b5 4. Nf3 Bb7 5. d3 e6 6. g3 d5 7. Qe2 Ne7 8. Bg2 g6 9.
O-O Bg7 10. Bd2 O-O 11. Rae1 Nd7 12. g4 d4 13. Nd1 f5 14. exf5 gxf5 15. Qxe6+
Rf7 16. Ng5 Bxg2 17. Qxf7+ Kh8 18. Rxe7 1-0

[Event "29th Czech Rapid G1 2018"]
[Site "Pardubice CZE"]
[Date "2018.07.19"]
[Round "8.2"]
[White "Plat, Vojtech"]
[Black "Paravyan, David"]
[Result "1-0"]
[WhiteTitle "GM"]
[BlackTitle "GM"]
[WhiteElo "2543"]
[BlackElo "2638"]
[WhiteFideId "325740"]
[BlackFideId "4194985"]
[EventDate "2018.07.18"]

1. d4 Nf6 2. c4 g6 3. g3 Bg7 4. Bg2 d5 5. cxd5 Nxd5 6. e4 Nb6 7. Ne2 O-O 8. O-O
c5 9. d5 e6 10. Nec3 Na6 11. Na3 exd5 12. exd5 Bf5 13. Be3 Qd7 14. Qb3 Bd4 15.
Rad1 Bxe3 16. fxe3 Nb4 17. e4 Bg4 18. Rd2 Nc6 19. Qb5 Qd6 20. Qd3 Ne5 21. Ncb5
Qb8 22. Qc3 a6 23. Nc7 Qxc7 24. d6 Qd8 25. Qxe5 Nd7 26. Qf4 Be6 27. e5 f6 28.
exf6 Rxf6 29. Qe3 Rxf1+ 30. Bxf1 Qf6 31. Rf2 Qe5 32. Qxe5 Nxe5 33. Re2 Nf3+ 34.
Kf2 Rf8 35. Ke3 Nd4 36. Re1 Rd8 37. Rc1 Nf5+ 38. Kf4 Rxd6 39. Rxc5 Bxa2 40. Rc8+
Kg7 41. Bc4 Bxc4 42. Nxc4 Rd7 43. g4 Ne7 44. Rc5 Nd5+ 45. Ke5 Nb4 46. Ke6 Rf7
47. Nd6 Rf6+ 48. Ke7 Rf2 49. Ne8+ Kh6 50. g5+ Kh5 51. Nf6+ Kh4 52. Rc4+ Kh3 53.
Rxb4 b5 54. Nxh7 Rf5 55. Re4 Rc5 56. Kf7 1-0

[Event "29th Czech Rapid G1 2018"]
[Site "Pardubice CZE"]
[Date "2018.07.19"]
[Round "8.3"]
[White "Stocek, Jiri"]
[Black "Gasanov, Eldar"]
[Result "1-0"]
[WhiteTitle "GM"]
[BlackTitle "GM"]
[WhiteElo "2586"]
[BlackElo "2475"]
[WhiteFideId "304760"]
[BlackFideId "14104466"]
[EventDate "2018.07.18"]

1. Nf3 d6 2. d4 f5 3. Bf4 Nf6 4. e3 g6 5. c4 Bg7 6. Nc3 O-O 7. c5 Ne4 8. cxd6
cxd6 9. Bc4+ Kh8 10. h4 Nxc3 11. bxc3 Qc7 12. Bb3 e5 13. Bg5 h5 14. O-O Nc6 15.
Rc1 b6 16. Qe2 Bb7 17. Bd5 Rae8 18. Rfd1 Na5 19. Bxb7 Nxb7 20. c4 Qf7 21. Qc2
Qc7 22. Qa4 Na5 23. c5 bxc5 24. dxc5 dxc5 25. Rd7 Qc6 26. Qxc6 Nxc6 27. Rxc5 Rc8
28. Rd6 Nb4 29. Rxc8 Rxc8 30. Rxg6 Nxa2 31. Bf6 Bxf6 32. Rxf6 Nc3 33. Rxf5 a5
34. Rxe5 Ra8 35. Rc5 Ne4 36. Rxh5+ Kg7 37. Re5 Nc3 38. Nd4 a4 39. Nb5 Nb1 40. g4
a3 41. Nxa3 Nxa3 42. Rc5 Ra4 43. f3 Nc4 44. e4 Nd6 45. Kg2 Ra3 46. g5 Rd3 47. h5
Nf7 48. Kg3 Nd8 49. Rc7+ Kg8 50. Rc8 Kg7 51. Kg4 Nf7 52. h6+ Kh7 53. Rc7 Kg6 54.
f4 1-0

[Event "29th Czech Rapid G1 2018"]
[Site "Pardubice CZE"]
[Date "2018.07.19"]
[Round "8.4"]
[White "Deepan, Chakkravarthy J."]
[Black "Schlosser, Philipp"]
[Result "0-1"]
[WhiteTitle "GM"]
[BlackTitle "GM"]
[WhiteElo "2519"]
[BlackElo "2501"]
[WhiteFideId "5011132"]
[BlackFideId "4600169"]
[EventDate "2018.07.18"]

1. c4 c5 2. g3 Nf6 3. Bg2 d5 4. cxd5 Nxd5 5. Nc3 Nc7 6. d3 e5 7. Be3 Be7 8. Rc1
Nd7 9. Nf3 O-O 10. h4 b6 11. Ng5 Rb8 12. Qa4 b5 13. Qxa7 Rb6 14. Qa3 b4 15. Qb3
bxc3 16. Qxc3 Nb5 17. Qc4 Nd4 18. Bd5 Qe8 19. Bd2 Nf6 20. Bxf7+ Rxf7 21. Qxf7+
Qxf7 22. Nxf7 Kxf7 23. b4 Bb7 24. bxc5 Bxc5 25. Rf1 Ba3 26. Rc7+ Ke6 27. f4 Ne8
28. Rc4 Bd6 29. fxe5 Bxe5 30. Bf4 Bf6 31. Bc1 Nf5 32. g4 Bxh4+ 33. Kd1 Nfd6 34.
Ra4 h6 35. Kc2 Bf6 36. Be3 Rb2+ 37. Kd1 Nb5 38. Rxf6+ Nxf6 39. Bd2 Bd5 40. e4
Bxa2 41. Kc1 Rb1+ 0-1

[Event "29th Czech Rapid G1 2018"]
[Site "Pardubice CZE"]
[Date "2018.07.19"]
[Round "8.5"]
[White "Geller, Jakov"]
[Black "Zwardon, Vojtech"]
[Result "1-0"]
[WhiteTitle "GM"]
[BlackTitle "IM"]
[WhiteElo "2518"]
[BlackElo "2424"]
[WhiteFideId "4151984"]
[BlackFideId "325511"]
[EventDate "2018.07.18"]

1. e4 c5 2. Nf3 Nc6 3. Nc3 g6 4. d4 cxd4 5. Nxd4 Bg7 6. Be3 Nf6 7. Bc4 O-O 8.
Bb3 Re8 9. f3 e6 10. f4 d5 11. e5 Nd7 12. h4 Nb6 13. h5 Bd7 14. hxg6 hxg6 15.
Qg4 Nxd4 16. Bxd4 Qc7 17. O-O-O a5 18. a4 Rec8 19. Rh3 Nxa4 20. Nxa4 Bxa4 21.
Bxa4 b5 22. Rc3 Qd7 23. Bb3 a4 24. Ba2 b4 25. Rxc8+ Qxc8 26. Qh3 Qc6 27. b3 a3
28. g4 Rc8 29. Rd2 Qc7 30. Rh2 Qe7 31. Kd1 Qd7 32. f5 1-0

[Event "29th Czech Rapid G1 2018"]
[Site "Pardubice CZE"]
[Date "2018.07.19"]
[Round "8.6"]
[White "Belyakov, Bogdan"]
[Black "Rasik, Vitezslav"]
[Result "1/2-1/2"]
[WhiteTitle "IM"]
[BlackTitle "GM"]
[WhiteElo "2489"]
[BlackElo "2458"]
[WhiteFideId "24104795"]
[BlackFideId "300306"]
[EventDate "2018.07.18"]

1. e4 d6 2. d4 g6 3. Nc3 Bg7 4. h4 h5 5. Bg5 Nd7 6. Nf3 c5 7. Qd2 cxd4 8. Nxd4
Ngf6 9. O-O-O a6 10. f3 Qc7 11. Re1 b5 12. Nd5 Nxd5 13. exd5 Nf6 14. Nc6 e5 15.
g4 Bb7 16. gxh5 Bxc6 17. dxc6 Nxh5 18. f4 O-O 19. f5 gxf5 20. Rg1 f4 21. Bg2 f5
22. Bd5+ Kh8 23. Rg2 Ng3 24. Reg1 Bf6 25. Bh6 Bg7 26. Bg5 Bf6 27. Bh6 Bg7 1/2-1/2

[Event "29th Czech Rapid G1 2018"]
[Site "Pardubice CZE"]
[Date "2018.07.19"]
[Round "8.7"]
[White "Boruchovsky, Avital"]
[Black "Gallego Alcaraz, Andres Felipe"]
[Result "0-1"]
[WhiteTitle "GM"]
[BlackTitle "IM"]
[WhiteElo "2558"]
[BlackElo "2504"]
[WhiteFideId "2800055"]
[BlackFideId "4402669"]
[EventDate "2018.07.18"]

1. e4 e6 2. d4 d5 3. Nc3 Bb4 4. exd5 exd5 5. Bd3 Ne7 6. Ne2 Nbc6 7. O-O Bg4 8.
h3 Bh5 9. Be3 Bxc3 10. bxc3 Na5 11. Rb1 O-O 12. Re1 Qd7 13. Qc1 Bg6 14. Nf4 Rfe8
15. Bd2 b6 16. Qd1 Nc4 17. Bc1 c6 18. Re2 Nf5 19. Nxg6 hxg6 20. Bf4 Rxe2 21.
Qxe2 Re8 22. Qf1 Nfd6 23. Re1 Re6 24. a4 Qe7 25. Rxe6 Qxe6 26. f3 b5 27. Qa1 Qe7
28. axb5 Nxb5 29. Kh2 Qa3 30. Qe1 Kf8 31. Qh4 Ke8 32. Bxc4 dxc4 33. Qg4 Qxc3 34.
Qc8+ Ke7 35. Qb7+ Kf8 36. Qc8+ Ke7 37. Be5 f6 38. Qb7+ Kf8 39. Bg3 Nxd4 40. Qc8+
Kf7 41. Bd6 Nxf3+ 42. Kg3 Ne5+ 43. Kh2 Nf3+ 44. Kg3 Ne5+ 45. Kh2 g5 46. Qf8+ Kg6
47. Qe8+ Nf7 48. h4 gxh4 49. Qe4+ f5 50. Qxh4 Nxd6 0-1

[Event "29th Czech Rapid G1 2018"]
[Site "Pardubice CZE"]
[Date "2018.07.19"]
[Round "8.8"]
[White "Biolek, Richard Jr."]
[Black "Sengupta, Deep"]
[Result "0-1"]
[WhiteTitle "IM"]
[BlackTitle "GM"]
[WhiteElo "2469"]
[BlackElo "2565"]
[WhiteFideId "319996"]
[BlackFideId "5008352"]
[EventDate "2018.07.18"]

1. e4 c6 2. d4 d5 3. Nc3 dxe4 4. Nxe4 Bf5 5. Ng3 Bg6 6. Nh3 e6 7. Nf4 Bd6 8. h4
Qc7 9. Nxg6 hxg6 10. Ne4 Bf4 11. Bxf4 Qxf4 12. Ng5 Nf6 13. g3 Qc7 14. Qd2 Nbd7
15. O-O-O Nh7 16. Ne4 Nhf6 17. Ng5 Nh7 18. Ne4 O-O-O 19. Bg2 Kb8 20. Kb1 Nhf6
21. Ng5 Nb6 22. Qe2 Rd7 23. c3 Rhd8 24. Bf3 Nbd5 25. Ka1 Ka8 26. Rhe1 Qa5 27.
Qc2 c5 28. dxc5 Qxc5 29. Ne4 Nxe4 30. Bxe4 Nf6 31. Bf3 e5 32. a3 Kb8 33. Rxd7
Rxd7 34. Qe2 Re7 35. Rd1 a6 36. Rd8+ Ka7 37. Qd2 e4 38. Bd1 e3 39. fxe3 Rxe3 40.
Bb3 Ne4 41. Qd4 Qxd4 42. Rxd4 f5 43. Ka2 Rxg3 44. Rd7 Rg2 45. a4 Rd2 46. Rxg7
Nxc3+ 47. Ka3 Ne2 48. Rxg6 Rd3 49. Kb4 Rd4+ 50. Kc5 Rxh4 51. Rg7 Nf4 52. Rf7
Nd3+ 53. Kd6 Rb4 54. Bd5 Nxb2 55. a5 f4 56. Kc7 Nd3 57. Kc8 Nc5 58. Rc7 Rb5 59.
Bc6 Rxa5 60. Bxb7 Ne6 61. Rc6 Rc5 62. Kd7 Rxc6 63. Bxc6 Nd4 64. Be4 f3 65. Kd6
f2 66. Bd3 Nf3 0-1

[Event "29th Czech Rapid G1 2018"]
[Site "Pardubice CZE"]
[Date "2018.07.19"]
[Round "8.9"]
[White "Mirzoev, Emil"]
[Black "Zpevak, Pavel"]
[Result "1-0"]
[WhiteTitle "IM"]
[BlackTitle "IM"]
[WhiteElo "2412"]
[BlackElo "2330"]
[WhiteFideId "14108640"]
[BlackFideId "300586"]
[EventDate "2018.07.18"]

1. d4 Nf6 2. c4 e6 3. Nc3 Bb4 4. a3 Bxc3+ 5. bxc3 c5 6. f3 d6 7. e4 e5 8. Bd3
Nc6 9. Ne2 O-O 10. d5 Ne7 11. Be3 Ng6 12. Qd2 Bd7 13. g4 Ne8 14. Ng3 a6 15. Nf5
b5 16. h4 bxc4 17. Bxc4 Bb5 18. Ba2 Ne7 19. c4 Bd7 20. Rb1 Nxf5 21. gxf5 h5 22.
Kf2 Rb8 23. Bg5 f6 24. Be3 Rxb1 25. Rxb1 Qc7 26. Bb3 Kf7 27. f4 exf4 28. Bxf4
Ke7 29. Bd1 Rh8 30. Qb2 Kd8 31. Bd2 Rg8 32. Qb6 Bc8 33. Ba5 g6 34. fxg6 Qxb6 35.
Rxb6 Ke7 36. Rb8 Ng7 37. Bd2 f5 38. Ba4 1-0

[Event "29th Czech Rapid G1 2018"]
[Site "Pardubice CZE"]
[Date "2018.07.19"]
[Round "8.10"]
[White "Harsha, Bharathakoti"]
[Black "Zilka, Stepan"]
[Result "1-0"]
[WhiteTitle "IM"]
[BlackTitle "GM"]
[WhiteElo "2465"]
[BlackElo "2517"]
[WhiteFideId "5078776"]
[BlackFideId "315303"]
[EventDate "2018.07.18"]

1. e4 e5 2. Nf3 Nc6 3. Bc4 Bc5 4. c3 Nf6 5. d4 exd4 6. e5 d5 7. Bb5 Ne4 8. cxd4
Bb6 9. Nc3 O-O 10. Be3 Bg4 11. Qc2 Bf5 12. Qb3 Nxc3 13. Bxc6 bxc6 14. Qxc3 a5
15. O-O Bd7 16. a4 Qe7 17. h3 h6 18. Rfe1 Rfb8 19. Nd2 Ba7 20. Rec1 Qb4 21. Qd3
Rb6 22. Ra3 Rab8 23. Nb3 R6b7 24. Bd2 Qe7 25. Bxa5 Qg5 26. Bd2 Rxb3 27. Rxb3
Rxb3 28. Qc2 Bf5 29. Qd1 Rd3 30. Bxg5 Rxd1+ 31. Rxd1 hxg5 32. b4 Bc2 33. Rd2 Bb3
34. a5 f6 35. exf6 gxf6 36. f4 Kf7 37. fxg5 fxg5 38. Kf2 Bc4 39. Ke3 c5 40. bxc5
c6 41. Rb2 Ba6 42. h4 gxh4 43. Kf4 Bb5 44. Kg4 Bb8 45. a6 Kg6 46. Rxb5 1-0

[Event "29th Czech Rapid G1 2018"]
[Site "Pardubice CZE"]
[Date "2018.07.19"]
[Round "8.11"]
[White "Gukesh, D"]
[Black "Zakhartsov, Viacheslav V."]
[Result "1-0"]
[WhiteTitle "IM"]
[BlackTitle "GM"]
[WhiteElo "2433"]
[BlackElo "2539"]
[WhiteFideId "46616543"]
[BlackFideId "4115333"]
[EventDate "2018.07.18"]

1. Nf3 Nf6 2. g3 d5 3. Bg2 e6 4. O-O c5 5. d3 Nc6 6. Nbd2 Be7 7. e4 O-O 8. Re1
Qc7 9. Qe2 b5 10. e5 Nd7 11. Nf1 Bb7 12. h4 Rfc8 13. Bf4 a5 14. Ne3 Nd4 15. Nxd4
cxd4 16. Nxd5 Bxd5 17. Bxd5 Rab8 18. Rac1 Nb6 19. Be4 Na4 20. Qh5 g6 21. Qg4 Bf8
22. h5 Bg7 23. hxg6 hxg6 24. Kg2 Nxb2 25. Rh1 Na4 26. Qh4 Nc3 27. Bg5 Qxe5 28.
f4 Qc5 29. f5 Nxe4 30. dxe4 Kf8 31. f6 Bxf6 32. Bxf6 Ke8 33. Qh8+ Kd7 34. Qg7
Qc4 35. Qxf7+ Kc6 36. Rh7 Qe2+ 37. Kh3 Qxe4 38. Qd7+ Kc5 39. Rf1 e5 40. Rh4 Qd5
41. Qe7+ Qd6 42. Qxe5+ Qxe5 43. Bxe5 Rb7 44. Bxd4+ Kd5 45. Rf2 b4 46. Bf6 Rbc7
47. Rd4+ Ke6 48. Re4+ Kd7 49. Re7+ Kd6 50. Rd2+ Kc6 51. Rxc7+ Rxc7 52. Kg4 Kb5
53. Kg5 Ka4 54. Bd8 Rc5+ 55. Kxg6 Ka3 56. g4 Kxa2 57. Bxa5 Rxa5 58. c3+ Kb3 59.
cxb4 Kxb4 60. g5 Kc3 61. Rd7 Rb5 62. Kh6 1-0

[Event "29th Czech Rapid G1 2018"]
[Site "Pardubice CZE"]
[Date "2018.07.19"]
[Round "8.12"]
[White "Potapov, Pavel"]
[Black "Domogaev, Sergey"]
[Result "1-0"]
[WhiteTitle "GM"]
[BlackTitle "GM"]
[WhiteElo "2500"]
[BlackElo "2414"]
[WhiteFideId "4169786"]
[BlackFideId "24103608"]
[EventDate "2018.07.18"]

1. f4 Nf6 2. Nf3 g6 3. g3 Bg7 4. Bg2 O-O 5. d3 d6 6. O-O c5 7. e4 Nc6 8. h3 e5
9. Nc3 exf4 10. gxf4 Nh5 11. Qe1 f5 12. Nd5 Nd4 13. Nxd4 cxd4 14. Bd2 Re8 15.
Qf2 Be6 16. Rae1 Rc8 17. Bb4 Qd7 18. exf5 Bxf5 19. Kh2 Kh8 20. Rxe8+ Rxe8 21.
Re1 Rxe1 22. Qxe1 h6 23. Qe7 Qc8 24. Bxd6 Qxc2 25. Be5 Qc8 26. Nf6 Nxf6 27. Bxf6
Bxf6 28. Qxf6+ Kh7 29. Qxd4 b6 30. Qc4 Qd7 31. d4 Qd6 32. Kg3 Qe7 33. Qc3 g5 34.
fxg5 Qxg5+ 35. Kf2 Qf4+ 36. Kg1 Be4 37. Bxe4+ Qxe4 38. Kf2 Qf4+ 39. Ke2 Qe4+ 40.
Kd2 Kg7 41. d5+ Kf7 42. Qd3 Qb4+ 43. Kc2 Ke7 44. Qh7+ Kd8 45. Qg8+ Kc7 46. Qf7+
Kb8 47. Qe8+ Kc7 48. Qc6+ Kd8 49. d6 Qc5+ 50. Qxc5 bxc5 51. Kc3 Kd7 52. Kc4 Kxd6
53. Kb5 h5 54. Ka6 h4 55. Kxa7 Kc7 56. Ka6 Kc6 57. Ka5 1-0